HIV Consigli sull'alimentazione e stili di vita per mantenersi sani

Saved in:
Bibliografiske detaljer
Institution som forfatter: NADIR
Format: Bog
Sprog:engelsk
Udgivet: Roma NADIR 2005
Tags: Tilføj Tag
Ingen Tags, Vær først til at tagge denne postø!

MARC

LEADER 00000nam a2200000 4500
005 20240626180816.0
008 240626b |||||||| |||| 00| 0 eng d
040 |c GP 
110 |a NADIR  
245 |a HIV Consigli sull'alimentazione e stili di vita per mantenersi sani 
260 |a Roma  |b NADIR  |c 2005 
942 |2 ddc  |c BK  |n 0 
952 |0 0  |1 0  |2 ddc  |4 0  |6 614_050000000000000_NAD  |7 1  |9 1505  |a RM  |b RM  |d 2024-06-26  |l 0  |o 614.05 NAD  |p 222  |r 2024-06-26 18:08:40  |w 2024-06-26  |y BK 
999 |c 1323  |d 1323